| 000 | 00519nam a22001937a 4500 | ||
|---|---|---|---|
| 003 | OSt | ||
| 005 | 20151001125348.0 | ||
| 008 | 151001b xxu||||| |||| 00| 0 eng d | ||
| 020 | _a9781780922560 | ||
| 040 | _cDDC | ||
| 082 | _a302.3 HOR 2012 | ||
| 100 |
_aHorton, Simon _95811 |
||
| 245 |
_aNegotiation mastery: _btools for the 21st century negotiation |
||
| 260 |
_aUK; _bMX Publishing, _c2012 |
||
| 300 |
_a269p; _bill: _c23cm |
||
| 504 | _aReferences included | ||
| 650 |
_aNegotiations _95812 |
||
| 942 |
_2z _cO_SHELF |
||
| 999 |
_c2301 _d2301 |
||